000 00484nam a22001937a 4500
003 OSt
005 20140310181707.0
008 121123t xxu||||| |||| 00| 0 eng d
020 _a9718845143
050 _aPL 5531
_b.J83 1997
082 _aFIL 808.83
_bJ771 1997
100 _aJose, F. Sionil
245 _aTree /
_cF. Sionil Jose
260 _aManila:
_bSolidaridad Pub. House,
_c1997.
300 _a135 p. :
_c22 cm.
650 _aLiterature
942 _2lcc
_cBK
999 _c1395
_d1395